Calciatori per Regioni - Statistics

Statistiche generali
  • Questo quiz è stato fatto 612 volte
  • Il punteggio medio è 9 su 20
Risposte nella Mappa
Le risposte nella mappa del quiz sottostante sono codificate secondo una scala di colori dal rosso al verde in base alla % di persone che hanno risposto correttamente.
 
Statistiche sulle risposte
Risposta % Corretto
Nicolò Barella
64%
Salvatore (Totò) Schillaci
64%
Fabio Cannavaro
61%
Gennaro Gattuso
60%
Alessandro Nesta
56%
Marco Verratti
51%
Gianluigi Buffon
48%
Klaus Bachlechner e Andrea Pinamonti
48%
Dino Zoff
44%
Sergio Pelissier
43%
Paolo Maldini
42%
Franco Selvaggi e Simone Zaza
38%
Enrico e Federico Chiesa
34%
Roberto Mancini
34%
Luigino Pasciullo
33%
Roberto Baggio
33%
Filippo (Pippo) Inzaghi
31%
Gianni Rivera
25%
Fabrizio Ravanelli
22%
Marco Materazzi
20%
Nessun quiz corrispondente trovato
Distribuzione punteggi
Percentuale di utenti per punteggio
Percentile per numero di risposta
I tuoi punteggi nel tempo
Non hai fatto questo quiz